[Event "FRA-ch U14 Girls"]
[Site "Aix les Bains"]
[Date "2009.04.22"]
[Round "5"]
[White "Costa, Elodie"]
[Black "Suescun, Melanie"]
[Result "0-1"]
[WhiteElo "1727"]
[BlackElo "1520"]
[PlyCount "92"]
[EventDate "2009.04.19"]
[EventType "swiss"]
[EventRounds "9"]
[EventCountry "FRA"]
[SourceTitle "CBM 130 Extra"]
[Source "ChessBase"]
[SourceDate "2009.07.02"]
[SourceVersion "2"]
[SourceVersionDate "2009.07.15"]
[SourceQuality "1"]

1. e4 e5 2. Nf3 Nc6 3. Nc3 Nf6 4. d4 exd4 5. Nxd4 Bc5 6. Nxc6 bxc6 7. Bd3 0-0 8. 0-0 Re8 9. Bg5 h6 10. Bh4 Be7 11. Re1 Nh7 12. Bxe7 Qxe7 13. f4 Rb8 14. Na4 Bb7 15. Rb1 Nf6 16. b4 Qd8 17. Nc5 Bc8 18. a3 d6 19. Nb3 Bb7 20. Na5 Ba8 21. c4 c5 22. e5 Nd7 23. exd6 Rxe1+ 24. Qxe1 cxd6 25. b5 Rc8 26. Nb3 Nb6 27. Rd1 Qc7 28. Be4 Nxc4 29. Bxa8 Rxa8 30. Qe4 Nb6 31. Qc6 Rc8 32. Na5 d5 33. a4 Kh7 34. g3 Qe7 35. Qb7 Qe3+ 36. Kg2 Qe2+ 37. Kh3 Qxd1 38. Qxf7 Qxa4 39. Nc6 Qxb5 40. Ne7 Qe8 41. Qf5+ g6 42. Qe5 Qd7+ 43. f5 gxf5 44. Qf6 Qe8 45. Nxf5 Qf8 46. Qe6 Re8 0-1